<?xml version="1.0" encoding="UTF-8"?>
<record
    xmlns:xsi="http://www.w3.org/2001/XMLSchema-instance"
    xsi:schemaLocation="http://www.loc.gov/MARC21/slim http://www.loc.gov/standards/marcxml/schema/MARC21slim.xsd"
    xmlns="http://www.loc.gov/MARC21/slim">

  <leader>00377pam a2200157a 44500</leader>
  <controlfield tag="008">230515b2004    xxu||||| |||| 00| 0 eng d</controlfield>
  <datafield tag="020" ind1=" " ind2=" ">
    <subfield code="a">978-81-7381-142-3</subfield>
  </datafield>
  <datafield tag="041" ind1=" " ind2=" ">
    <subfield code="a">ENGLISH
</subfield>
  </datafield>
  <datafield tag="082" ind1=" " ind2=" ">
    <subfield code="a">618.2</subfield>
  </datafield>
  <datafield tag="100" ind1=" " ind2=" ">
    <subfield code="a">D.C.DUTTA</subfield>
  </datafield>
  <datafield tag="245" ind1=" " ind2=" ">
    <subfield code="a">TEXTBOOK OF OBSTETRICS</subfield>
  </datafield>
  <datafield tag="250" ind1=" " ind2=" ">
    <subfield code="a">7</subfield>
  </datafield>
  <datafield tag="260" ind1=" " ind2=" ">
    <subfield code="a"></subfield>
    <subfield code="b">NEW CENTRAL BOOK AGENCY ( P) LTD.</subfield>
    <subfield code="c">2004</subfield>
  </datafield>
  <datafield tag="300" ind1=" " ind2=" ">
    <subfield code="a">XVI,685</subfield>
  </datafield>
  <datafield tag="650" ind1=" " ind2=" ">
    <subfield code="a">NULL</subfield>
  </datafield>
  <datafield tag="999" ind1=" " ind2=" ">
    <subfield code="c">506934</subfield>
    <subfield code="d">506934</subfield>
  </datafield>
  <datafield tag="952" ind1=" " ind2=" ">
    <subfield code="0">0</subfield>
    <subfield code="1">0</subfield>
    <subfield code="4">0</subfield>
    <subfield code="7">0</subfield>
    <subfield code="a">NCS</subfield>
    <subfield code="b">NCS</subfield>
    <subfield code="c">PBBSC_NURSING</subfield>
    <subfield code="d">2012-08-22</subfield>
    <subfield code="e">BHARATI CENTER CO-OP. BHANDAR.LTD. PUNE.</subfield>
    <subfield code="g">750.00</subfield>
    <subfield code="l">4</subfield>
    <subfield code="o">618.2</subfield>
    <subfield code="p">NCS-PBBSC-1060</subfield>
    <subfield code="q">2024-12-17</subfield>
    <subfield code="r">2024-12-17 00:00:00</subfield>
    <subfield code="s">2024-12-17</subfield>
    <subfield code="w">2023-06-28</subfield>
    <subfield code="y">BK</subfield>
  </datafield>
</record>
